PHYSICAL PHARMACEUTICS (Record no. 7936)

MARC details
000 -LEADER
fixed length control field 00449nam a22001697a 4500
005 - DATE AND TIME OF LATEST TRANSACTION
control field 20230117104052.0
008 - FIXED-LENGTH DATA ELEMENTS--GENERAL INFORMATION
fixed length control field 220215b ||||| |||| 00| 0 eng d
020 ## - INTERNATIONAL STANDARD BOOK NUMBER
ISBN 9789383635771
041 ## - LANGUAGE CODE
Language code of text/sound track or separate title eng
082 ## - DEWEY DECIMAL CLASSIFICATION NUMBER
Classification number 615.19
Item number MAM-P
100 ## - MAIN ENTRY--AUTHOR NAME
Personal name MAMAVALAN, DR. R AND RAMASAMY , DR , C.
245 ## - TITLE STATEMENT
Title PHYSICAL PHARMACEUTICS
260 ## - PUBLICATION, DISTRIBUTION, ETC. (IMPRINT)
Place of publication HYDRABAD
Name of publisher PHARMA MED PRESS
Year of publication 2015
300 ## - PHYSICAL DESCRIPTION
Number of Pages 374;P.
650 ## - SUBJECT ADDED ENTRY--TOPICAL TERM
Topical Term PHARMACY
General subdivision B.PHARMA
942 ## - ADDED ENTRY ELEMENTS (KOHA)
Koha item type Books
Holdings
Lost status Damaged status Collection code Home library Current library Shelving location Date acquired Source of acquisition Cost, normal purchase price Full call number Accession Number Koha item type
    Reference JRU Library JRU Library SHELF-4-B 15/02/2022 PURCHASE 395.00 615.19 26453 Books
    PHARMACY JRU Library JRU Library Shelf - 23- E 15/02/2022 PURCHASE 395.00 615.19 26454 Books
    PHARMACY JRU Library JRU Library Shelf - 23- E 15/02/2022 PURCHASE 395.00 615.19 26455 Books
    PHARMACY JRU Library JRU Library Shelf - 23- E 15/02/2022 PURCHASE 395.00 615.19 26456 Books
    PHARMACY JRU Library JRU Library Shelf - 23- E 15/02/2022 PURCHASE 395.00 615.19 26457 Books
    PHARMACY JRU Library JRU Library Shelf - 23- E 15/02/2022 PURCHASE 395.00 615.19 26458 Books